Word Ladder: Best Picture Oscar (1950s & 1960s) Quiz Stats

 Plays Quiz Updated Oct 7, 2017

Challenge
Share
Tweet
Embed
Score 0/26 Timer 03:00
1 Play Today
Clue 4-Letter Rung % Correct
• 34th Best Picture Winner: ____ Side Story •• WEST •
98.3%
• 40th Best Picture Winner: In the ____ of the Night •• HEAT •
98.2%
Penn, Astin, or ConnerySEAN
98.1%
Red, kidney or black-eyed BEAN
97.8%
Where to sitSEAT
97.7%
Perceive soundHEAR
97.4%
Most excellentBEST
96.7%
• 26th Best Picture Winner: From ____ to Eternity •• HERE •
96.6%
Kill a flySWAT
96.5%
Rabbit-like animalHARE
95.9%
HitBEAT
95%
Estate beneficiaryHEIR
93.9%
WaterbirdSWAN
92.9%
Clue 4-Letter Rung % Correct
1960s rock musicalHAIR
92.1%
Actor RichardGERE
91.1%
Figure skater MichelleKWAN
90.8%
• 30th Best Picture Winner: The Bridge on the River ____• KWAI •
90.2%
Michigan or Titicaca, e.g.LAKE
88.5%
Fish similar to codHAKE
86.4%
Meat of the iridescent shark SWAI
83%
Put items on board for a shipmentLADE
78.8%
• 37th Best Picture Winner: My ____ [rung 25] •• FAIR •
78.1%
LeftWENT
78%
• 37th Best Picture Winner: My [rung 1] ____• LADY •
77.7%
Played Auric Goldfinger: ____ FröbeGERT
75.1%
ChapGENT
74.4%

Today's Daily Dose

You're not logged in!

Compare scores with friends on all Sporcle quizzes.
Join for Free
OR
Log In

You Might Also Like...

Show Comments

Extras

Top Quizzes Today


Score Distribution

Your Account Isn't Verified!

In order to create a playlist on Sporcle, you need to verify the email address you used during registration. Go to your Sporcle Settings to finish the process.

Report this User

Report this user for behavior that violates our Community Guidelines.

Details: